10 Most Famous Cities in Kosovo on a Map - Statistics

General Stats
  • This quiz has been taken 99 times
  • The average score is 5 of 11
Answers on the Map
Answers color-coded by a green-red scale on the quiz's map according to % correct below.
 
Answer Stats
Wiki Monthly Views Cityquiz Mention Rate Population Answers % Correct
85.25K 26.12% 145.15K Pristina
100%
24.93K 2.77% 85.12K Prizren
78%
18.36K 2.01% 46.23K Mitrovica
51%
14.62K 1.94% 48.96K Peja
51%
13.07K 0.81% 54.24K Gjilan
50%
8.11K 0.66% 42.63K Ferizaj
43%
9.55K 0.50% 40.83K Gjakova
39%
5.81K 0.22% 23.45K Podujevë
29%
3.98K 7.63% 12.92K Kosovo Polje
26%
5.40K 0.15% 27.27K Vushtrri
21%
4.00K 0.18% 27.76K Deçan
18%
No matching quizzes found
Score Distribution
Percent of People with Each Score
Percentile by Number Answered
Your Score History
You have not taken this quiz